[Event "Doha Ramadan op"]
[Site "Doha"]
[Date "2024.03.22"]
[Round "9"]
[White "Abdou, Mahmoud"]
[Black "Panuncialman, Paul Ian"]
[Result "1-0"]
[WhiteElo "1773"]
[BlackElo "1713"]
[PlyCount "73"]
[EventDate "2024.03.14"]
[EventType "swiss"]
[EventRounds "9"]
[EventCountry "QAT"]
[SourceTitle "CB15_2024"]
[SourceDate "2024.04.10"]
[SourceVersion "1"]
[SourceVersionDate "2024.04.10"]
[SourceQuality "1"]

1. d4 Nf6 2. c4 d6 3. Nc3 c6 4. e4 Qa5 5. Bd3 e5 6. d5 Nbd7 7. Nge2 Be7 8. a3 Qc7 9. 0-0 0-0 10. h3 Re8 11. f4 exf4 12. Bxf4 Ne5 13. b4 Nxd3 14. Qxd3 cxd5 15. exd5 Qd7 16. Ne4 Nh5 17. Bh2 g6 18. Nd4 f5 19. Nd2 Bf6 20. N2f3 f4 21. Rae1 Rxe1 22. Rxe1 Qf7 23. Ne6 Bxe6 24. Rxe6 Rd8 25. Qe2 Rd7 26. Qe4 Bd8 27. c5 dxc5 28. bxc5 Ng7 29. Ne5 Qxe6 30. dxe6 Rd1+ 31. Kf2 Bh4+ 32. g3 Be7 33. Qxb7 fxg3+ 34. Bxg3 Nf5 35. Bf4 Bxc5+ 36. Ke2 Rd8 37. Qf7+ 1-0

[Event "Doha Ramadan op"]
[Site "Doha"]
[Date "2024.03.19"]
[Round "6"]
[White "Abdou, Mahmoud"]
[Black "Tia, John O"]
[Result "1/2-1/2"]
[WhiteElo "1773"]
[BlackElo "1962"]
[PlyCount "137"]
[EventDate "2024.03.14"]
[EventType "swiss"]
[EventRounds "9"]
[EventCountry "QAT"]
[SourceTitle "CB15_2024"]
[SourceDate "2024.04.10"]
[SourceVersion "1"]
[SourceVersionDate "2024.04.10"]
[SourceQuality "1"]

1. Nf3 d5 2. e3 Nf6 3. c4 c6 4. h3 Bf5 5. Nc3 e6 6. b3 Be7 7. Bb2 0-0 8. Nh4 Bg6 9. Nxg6 hxg6 10. Qc2 Na6 11. a3 Nc7 12. Be2 Rc8 13. g4 e5 14. h4 Ne6 15. h5 g5 16. Qf5 Qd6 17. cxd5 Nxd5 18. Ne4 Qd7 19. Bxe5 Nc5 20. Qxd7 Nxd7 21. Bb2 N7f6 22. Ng3 Nh7 23. Nf5 Bf6 24. Bxf6 Nhxf6 25. Bf3 Rc7 26. Rc1 Re8 27. 0-0 Rd7 28. Rfd1 Ne7 29. Ng3 Rd3 30. Rb1 Red8 31. Rb2 Ned5 32. Kf1 a5 33. Ke1 a4 34. bxa4 Rxa3 35. Rxb7 Rxa4 36. Rdb1 Raa8 37. Ne4 Nxe4 38. Bxe4 Rac8 39. Bf5 Ra8 40. Rc1 Rd6 41. Rc5 Rad8 42. d4 Re8 43. Kd2 Ra8 44. Kd3 Kf8 45. Bd7 Ra3+ 46. Kd2 Ra2+ 47. Rc2 Rxc2+ 48. Kxc2 Rf6 49. Bf5 g6 50. h6 Kg8 51. e4 gxf5 52. h7+ Kxh7 53. e5 Re6 54. Rxf7+ Kg6 55. Rxf5 Ne7 56. Rf8 c5 57. Kd3 cxd4 58. Kxd4 Ra6 59. Kc5 Re6 60. Kd4 Kg7 61. Ra8 Kf7 62. Ra7 Rb6 63. f3 Ke6 64. Ke4 Rb4+ 65. Ke3 Nd5+ 66. Kf2 Kxe5 67. Kg3 Rb2 68. Rf7 Nf4 69. Rf5+ 1/2-1/2

[Event "Doha Ramadan op"]
[Site "Doha"]
[Date "2024.03.18"]
[Round "5"]
[White "Mendoza, Ryan"]
[Black "Abdou, Mahmoud"]
[Result "0-1"]
[WhiteElo "1947"]
[BlackElo "1773"]
[PlyCount "58"]
[EventDate "2024.03.14"]
[EventType "swiss"]
[EventRounds "9"]
[EventCountry "QAT"]
[SourceTitle "CB15_2024"]
[SourceDate "2024.04.10"]
[SourceVersion "1"]
[SourceVersionDate "2024.04.10"]
[SourceQuality "1"]

1. b3 d5 2. Bb2 Bf5 3. e3 e6 4. f4 Nf6 5. Nf3 Nbd7 6. Be2 h5 7. 0-0 c6 8. d3 Bc5 9. d4 Bd6 10. Ne5 Bxe5 11. fxe5 Ng4 12. Bxg4 hxg4 13. g3 Qg5 14. Qe2 Rh3 15. Nc3 0-0-0 16. e4 dxe4 17. Nxe4 Bxe4 18. Qxe4 Rdh8 19. Rf2 Qh5 20. Qg2 Rh7 21. Re1 g5 22. c4 Nf8 23. d5 Ng6 24. dxc6 Nf4 25. cxb7+ Kc7 26. Qe4 Rxh2 27. Rxh2 Qxh2+ 28. Kf1 Qh1+ 29. Kf2 Nd3+ 0-1